Anniversary of Actuarial Education at UE in Bratislava and Its Place in the Development of Actuarial Life in Slovakia
Vývoj výučby akturáskej vedy na Slovensku a na Ekonomickej univerzite v Bratislave za posledných 25 rokov. Rozvoj akturástva, príprava pedagógov na jeho výučbu. Významné zmeny a míľniky v obsahu akutárskeho vzdelávania, prehľad akreditácie študijného programu Aktuárstvo.
Salvato in:
| Autore principale: | |
|---|---|
| Altri autori: | |
| Natura: | Capitolo di libro |
| Lingua: | slovacco |
| Soggetti: | |
| Tags: |
Nessun Tag, puoi essere il primo ad aggiungerne!!
|
MARC
| LEADER | 00000naa$a2200000$$$4500 | ||
|---|---|---|---|
| 001 | 0268242 | ||
| 005 | 20240502083803.1 | ||
| 041 | 0 | |a slo | |
| 044 | |a CZ | ||
| 245 | 1 | 0 | |a Anniversary of Actuarial Education at UE in Bratislava and Its Place in the Development of Actuarial Life in Slovakia |c Mária Bilíková, Katarína Sakálová |
| 520 | |a Vývoj výučby akturáskej vedy na Slovensku a na Ekonomickej univerzite v Bratislave za posledných 25 rokov. Rozvoj akturástva, príprava pedagógov na jeho výučbu. Významné zmeny a míľniky v obsahu akutárskeho vzdelávania, prehľad akreditácie študijného programu Aktuárstvo. | ||
| 610 | 2 | 0 | |a vedy aktuárske |
| 610 | 2 | 0 | |a aktuári |
| 610 | 2 | 0 | |a vzdelávanie vysokoškolské |
| 610 | 2 | 0 | |a školy vysoké |
| 610 | 2 | 0 | |a programy študijné |
| 610 | 2 | 0 | |a akreditácia |
| 610 | 2 | 0 | |a vývoj |
| 610 | 2 | 0 | |a Slovensko |
| 100 | 1 | |a Bilíková, Mária, 1951- | |
| 700 | 1 | |a Sakálová, Katarína, 1955- | |